000 01045nam a2200265Ia 4500
003 OSt
005 20221005105118.0
006 a|||||r|||| 00| 0
007 ta
008 221004b |||||||| |||| 00| 0 hin d
020 _a9789380172705 (pbk)
_cINR 180.00
024 _a37631
037 _b1517, 21/02/2018, Bookwell
_cTextual
040 _aCRL
_cCRL
_bhin
041 _2hin
_ahin
082 _aV1.N, 152Q4;Q6.1-.2
100 _aमहाजन, स्नेह, संपा.
245 0 _aबीसवीं शताब्दी का विश्व इतिहास
246 _aBīsavīan shatābdī kā vishva itihāsa
260 _aदिल्ली
_bहिन्दी माध्यम कार्यान्वय निदेशालय भारत
_c2016
490 _vभाग 1
650 _aविश्व-इतिहास
942 _hV1.N, 152Q4;Q6.1-.2
_cTEXL
_2cc
999 _c1014788
_d1014788